A Wrinkle in Time (Record no. 11280)
[ view plain ]
| 000 -LEADER | |
|---|---|
| fixed length control field | 00247nam a22000977a 4500 |
| 008 - FIXED-LENGTH DATA ELEMENTS--GENERAL INFORMATION | |
| fixed length control field | 190115b ||||| |||| 00| 0 eng d |
| 020 ## - INTERNATIONAL STANDARD BOOK NUMBER | |
| International Standard Book Number | 9780141354934 |
| 100 ## - MAIN ENTRY--PERSONAL NAME | |
| Personal name | Engle |
| 9 (RLIN) | 7023 |
| 245 ## - TITLE STATEMENT | |
| Title | A Wrinkle in Time |
| 260 ## - PUBLICATION, DISTRIBUTION, ETC. (IMPRINT) | |
| Place of publication, distribution, etc. | UK |
| Name of publisher, distributor, etc. | Penguin Random House |
| Date of publication, distribution, etc. | 2018 |
| Withdrawn status | Lost status | Source of classification or shelving scheme | Damaged status | Koha normalized classification for sorting | Not for loan | Home library | Current library | Shelving location | Date acquired | Total Checkouts | Total Renewals | Full call number | Barcode | Date last seen | Date last checked out | Price effective from | Koha item type |
|---|---|---|---|---|---|---|---|---|---|---|---|---|---|---|---|---|---|
| Dewey Decimal Classification | 813_000000000000000 | Good Samaritan School Library | Good Samaritan School Library | FICTION | 01/15/2019 | 20 | 4 | 813 | ENG15219 | 01/21/2026 | 12/09/2025 | 01/15/2019 | BOOK |